000 00591nam a2200181 i 4500
001 63040
003 ES-MaACL
005 20230906164755.0
007 t|
008 031127s1954 sp ||||1| spa d
100 1 _aFernández Pousa, Ramón
_950010
245 1 0 _aCancionero gallego del trovador Ayras Núñez /
_cpor Ramón Fernández Pousa.
260 _aMadrid :
_b[s.n.],
_c1954.
300 _a32 p. ;
_c25 cm.
500 _aEs separata de: Revista de literatura. Fasc. 9 y 10 (enero-junio 1954). P. 219-250.
852 _aES-MaACL
_j1973-F-9
_bR.36712
999 _c63040
_d63040